000
00290nam a2200121Ia 4500
008
190216s9999||||xx |||||||||||||| ||und||
100
_a
Sankarnarayanan R
245
0
_a
New Plan Supplementary Readers
260
_b
Orient Longman
_c
1961
300
_a
50p
650
_a
Speeches
942
_c
BK
999
_c
11746
_d
11746